| 000 | 00560nam a22001937a 4500 | ||
|---|---|---|---|
| 005 | 20170127143537.0 | ||
| 010 | _aENG-117195 | ||
| 020 |
_a9789386050821 _c450.00 |
||
| 035 | _aEN-100727 | ||
| 037 | _bDBAD/PUB | ||
| 082 | _a910.4 | ||
| 100 | _aFazlur Rahman | ||
| 245 |
_aThe Temple road : _cby Fazlur Rahman _ba Doctor's journey / |
||
| 260 |
_aNew Delhi _bSpeaking Tieger _c2016 |
||
| 270 |
_a4381/4, Ansari Road, Daryaganj _bNew Delhi _e110002 |
||
| 300 |
_a304p. _b22cm(Hb) |
||
| 700 | _aPinto,Jerry | ||
| 942 |
_2ddc _cEN _h910.4 _mFAZ |
||
| 999 |
_c137276 _d137276 |
||